Spoločná fiškálna politika ako predpoklad ďalšieho fungovania hospodárskej a menovej únie

Súčasná situácia je výsledkom problému, ktorý pramení v súkromných stratách a fiškálnej uvoľnenosti, ktorej nedisciplinovanosť môže spôsobiť vážne sociálne napätie ako aj ohrozenie celej menovej únie. Myšlienka harmonizácie fiškálnych politík a vytvorenie bankovej únie by mohla byť riešením dlhovej,...

Descrizione completa

Salvato in:
Dettagli Bibliografici
Autore principale: Líšková, Barbara
Natura: Capitolo di libro
Lingua:slovacco
Soggetti:
Tags: Aggiungi Tag
Nessun Tag, puoi essere il primo ad aggiungerne!!

MARC

LEADER 00000nla a2200000 4500
001 0164054
005 20240502072845.2
041 0 |a slo 
044 |a SK 
245 1 0 |a Spoločná fiškálna politika ako predpoklad ďalšieho fungovania hospodárskej a menovej únie  |c Barbara Líšková 
520 |a Súčasná situácia je výsledkom problému, ktorý pramení v súkromných stratách a fiškálnej uvoľnenosti, ktorej nedisciplinovanosť môže spôsobiť vážne sociálne napätie ako aj ohrozenie celej menovej únie. Myšlienka harmonizácie fiškálnych politík a vytvorenie bankovej únie by mohla byť riešením dlhovej, menovej, bankovej a systémovej krízy Hospodárskej a menovej únie, ale aj celej Európskej únie. Pakt euro plus, Nová reforma Paktu stability a rastu, six pack. Banková únia. 
610 2 0 |a politika fiškálna 
610 2 0 |a harmonizácia 
610 2 0 |a únie hospodárske 
610 2 0 |a únie menové 
610 2 0 |a Európska menová únia 
610 2 0 |a kríza 
100 1 |a Líšková, Barbara